Fertilización de cultivos anuales en suelos volcánicos. 35 años de experiencia en la zona sur.

Uloženo v:
Podrobná bibliografie
Hlavní autor: Pinilla Quezada, Hernán (autor)
Médium: Kniha
Jazyk:angličtina
Vydáno: Hualpén, Chile: Universidad de la Frontera, 2019
Vydání:1ª Edición.
Témata:
Tagy: Přidat tag
Žádné tagy, Buďte první, kdo vytvoří štítek k tomuto záznamu!

MARC

LEADER 00000nam a22000007a 4500
003 CL-VaPUC
005 20220420121642.0
008 220405b2019 ||||| |||| 00| 0 eng d
999 |c 435283  |d 435281 
040 |c Pontificia Universidad Católica de Valparaíso 
082 7 |a 631.8 PIN 2019  |2 22 
100 1 |a Pinilla Quezada, Hernán   |e autor  |9 867995 
245 1 |a Fertilización de cultivos anuales en suelos volcánicos.   |b 35 años de experiencia en la zona sur. 
250 |a 1ª Edición.  
260 |a Hualpén, Chile:  |b Universidad de la Frontera,   |c 2019 
300 |a 286 páginas  
583 |c 20220405  |k Cristina María Rojas Aguilar 
650 0 |a Fertilización   |9 259681  |x Suelos volcánicos 
650 0 |a Fertilización nitrogenada  |9 696938 
650 0 |a Fertilización fosfatada  |9 867996 
650 0 |a Fertilización potásica  |9 867997 
942 |2 ddc  |c BK 
952 |0 0  |1 0  |2 ddc  |4 0  |6 631_800000000000000_PIN_2019  |7 0  |8 A  |9 582444  |a BIBAGR  |b BIBAGR  |c GEN  |d 2022-04-05  |i 5650549  |o 631.8 PIN 2019  |p 5650549  |r 2025-01-20  |t 1  |w 2022-04-05  |y BK  |k AGR 
952 |0 0  |1 0  |2 ddc  |4 0  |6 631_800000000000000_PIN_2019  |7 0  |8 A  |9 582445  |a BIBAGR  |b BIBAGR  |c GEN  |d 2022-04-05  |i 5650550  |o 631.8 PIN 2019  |p 5650550  |r 2025-01-20  |t 2  |w 2022-04-05  |y BK  |k AGR 
952 |0 0  |1 0  |2 ddc  |4 0  |6 631_800000000000000_PIN_2019  |7 0  |8 A  |9 582446  |a BIBAGR  |b BIBAGR  |c GEN  |d 2022-04-05  |i 5650551  |o 631.8 PIN 2019  |p 5650551  |r 2025-01-20  |t 3  |w 2022-04-05  |y BK  |k AGR 
952 |0 0  |1 0  |2 ddc  |4 0  |6 631_800000000000000_PIN_2019  |7 0  |8 A  |9 582447  |a BIBAGR  |b BIBAGR  |c GEN  |d 2022-04-05  |i 5650552  |o 631.8 PIN 2019  |p 5650552  |r 2025-01-20  |t 4  |w 2022-04-05  |y BK  |k AGR